Prc̀tico Derecho Laboral Procesal

Bibliographic Details
Main Author: Cuervo-Aparicio, Mn̤ica Mara̕
Format: eBook
Language:Spanish
Subjects:
Online Access:Acceso restringido

MARC

LEADER 00000nam a22000007a 4500
005 2019073006046.0
007 cr|||| ||||
008 190730c20159999co k||wos|||| 0|||b1spa d
035 |a 12755 
040 |a vLex 
090 |c 9083  |d 9083 
100 1 |a Cuervo-Aparicio, Mn̤ica Mara̕ 
245 1 0 |a Prc̀tico Derecho Laboral Procesal  |h [Recurso electrn̤ico] /  |c Mn̤ica Mara̕ Cuervo-Aparicio 
256 |a Servicio en ln̕ea 
300 |a 1 recurso electrn̤ico 
310 |a Actualizado continuamente 
500 |a El manual de Derecho Procesal del Trabajo contiene necesarios conceptos que permiten acercarse a la estructura del proceso laboral cuya configuracin̤ es sumamente especial y est ̀regulada en forma muy particular frente al trm̀ite procesal en otras jurisdicciones. Por tanto, esta herramienta ser ̀de gran utilidad para entender la dinm̀ica que envuelve el ejercicio profesional y la participacin̤ en diferentes calidades, en dicha r̀ea 
506 1 |a Disponible solo en los productos indicados  |d vLex Global  |d vLex Global (Academic Edition, excluding Law Schools)  |d vLex Global (U.S. Academic Edition, Law Schools)  |d vLex Global (U.S. Academic Edition, excluding Law Schools)  |d vLex Global (Academic Edition, Law Schools) 
650 0 4 |a Procedimiento Laboral  |z Colombia 
740 0 |a Prc̀ticos vLex (Servicio en ln̕ea) 
856 4 0 |u http://vlex.com/source/12755  |z Acceso restringido 
942 |c REV 
999 0 |a Labor Procedure